Lịch sử yếu lược phong trào cộng sản và công nhân quốc tế trong thời kì hiện đại : Tài liệu tham khảo
Tài liệu đề cập đến phong trào cộng sản và công nhân quốc tế từ năm 1945 đến nay.
Kaydedildi:
| Yazar: | |
|---|---|
| Materyal Türü: | Kitap |
| Dil: | Undetermined |
| Baskı/Yayın Bilgisi: |
Hà Nội
Giáo dục
1969
|
| Konular: | |
| Etiketler: |
Etiketle
Etiket eklenmemiş, İlk siz ekleyin!
|
| Thư viện lưu trữ: | Trung tâm Học liệu Trường Đại học Cần Thơ |
|---|
| LEADER | 00938nam a2200205Ia 4500 | ||
|---|---|---|---|
| 001 | CTU_18625 | ||
| 008 | 210402s9999 xx 000 0 und d | ||
| 082 | |a 324.175 | ||
| 082 | |b S111/T.2 | ||
| 100 | |a Lê, Văn Sáu | ||
| 245 | 0 | |a Lịch sử yếu lược phong trào cộng sản và công nhân quốc tế trong thời kì hiện đại : | |
| 245 | 0 | |b Tài liệu tham khảo | |
| 245 | 0 | |c Lê Văn Sáu, Nguyễn Xuân Ký, Phan Ngọc Liên | |
| 260 | |a Hà Nội | ||
| 260 | |b Giáo dục | ||
| 260 | |c 1969 | ||
| 520 | |a Tài liệu đề cập đến phong trào cộng sản và công nhân quốc tế từ năm 1945 đến nay. | ||
| 650 | |a Communist parties,Labor and laboring classes,Political parties,Chủ nghĩa cộng sản | ||
| 904 | |i Chuyển SPL từ 324.2597075 sang 324.175 | ||
| 980 | |a Trung tâm Học liệu Trường Đại học Cần Thơ | ||